01104nam a22002777a 45000010005000000030006000050050017000110080041000280200018000690400029000870500014001160820011001301000023001412450068001642600036002323000049002684900034003175050008003515200180003595210020005395210020005596500087005796500087006667000033007537000040007865396FISKH20241203093832.0241203b cb ||||| |||| 00| 0 eng d a9780516239026 aFISKHbengcFISKHdFISKH aGV199.E85 a796.52 aWerther, Scott P.  aJon Krakauer's Adventure on Mt. Everest /cby Scott P. Werther aNew York: bScholastic ;c2002. a48 pages : bcolor illustrations ;c23 cm .  aHigh Interest Books: Survivor aW  aRelates the 1996 experiences of Jon Krakauer, a writer for Outside magazine, as he joined a group attempting to climb to the highest point on earth, the summit of Mt. Everest.8 a860 bLexile 8 aW bRaz-Plus  aMountaineering expeditions- Everest, Mount( China and Nepal) vJuvenile literature aMountaineering accidents- Everest, Mount ( China and Nepal ) vJuvenile literature aStein, Laura eBook designer aLogan, Christopher eBook designer